Sky in the Answers - Statistics

General Stats
  • This quiz has been taken 64,166 times
    17,729 since last reset
  • The average score is 12 of 20
Answer Stats
Clue Answer % Correct
Very tall building Skyscraper
98%
Jumping out of planes Skydiving
97%
Luke or Anakin, e.g. Skywalker
93%
2012 James Bond movie Skyfall
87%
I believe I can fly, I believe I can ... Touch the sky
84%
The shape of a city against the horizon Skyline
81%
To use an airplane to make words in the sky Skywrite
68%
Window on the roof Skylight
64%
Word meaning "to increase suddenly" Skyrocket
59%
Lucy in the ... Sky with diamonds
58%
Warning given by Chicken Little (aka Henny Penny) The sky is falling
57%
... at morning, sailors take warning Red sky
50%
Private luxury booth at a stadium Skybox
49%
Nickname for Montana {Big} {Sky} Country
40%
It became self-aware in 1997 and started a nuclear war Skynet
40%
Video game with dragon shouts Skyrim
38%
Casino surveillance camera Eye in the sky
37%
Movie starring Cruise and Cruz Vanilla Sky
36%
'Scuse me while I ... Kiss the sky
26%
Tallest structure in Tokyo Tokyo Skytree
18%
No matching quizzes found
Score Distribution
Percent of People with Each Score
Percentile by Number Answered
Your Score History
You have not taken this quiz since the last reset